Music Quiz

Random Music or Song Quiz

Who is the Song About? Quiz Stats

 Plays Quiz not verified by Sporcle

Challenge
Share
Tweet
Embed
Score 0/16 Timer 05:00
0 Plays Today
Artist Who Its About % Correct
Elton JohnPrincess Diana
83.8%
Elton JohnMarilyn Monroe
76.9%
David BowieAndy Warhol (Good job!)
73.8%
Don McLeanBuddy Holly
69.4%
Marc CohnElvis Presley
67.5%
Derek and the DominoesPattie Boyd
35%
TotoRosanna Arquette
29.4%
Elton JohnJohn Lennon
25.6%
Artist Who Its About % Correct
Lynyrd SkynyrdDuane Allman
20.6%
Jimmy Vaughan, Bonnie Raitt, VariousStevie Ray Vaughan
16.3%
Red Hot Chili PeppersHillel Slovak
10%
Rufus WainwrightJeff Buckley
6.3%
Barry ManilowBrian Wilson
6.3%
The ClashMontgomery Clift
5.6%
David BowieMarc Bolan
5%
David BowieIggy Pop
5%

You're not logged in!

Compare scores with friends on all Sporcle quizzes.
Join for Free
OR
Log In

You Might Also Like...

Show Comments

Extras

Top Quizzes Today


Score Distribution

Your Account Isn't Verified!

In order to create a playlist on Sporcle, you need to verify the email address you used during registration. Go to your Sporcle Settings to finish the process.

Report this User

Report this user for behavior that violates our Community Guidelines.

Details: